| 000 | 01451camaa2200397Mu 4500 | ||
|---|---|---|---|
| 001 | 93035 | ||
| 005 | 20230411090051.0 | ||
| 008 | 050117s2004 sp 000 0 spa d | ||
| 035 | _a(OCoLC)ocn433309578 | ||
| 040 |
_aBNM _erdc _bspa _cBNM _dESUDE |
||
| 016 | 7 |
_abimoBNE20050032577 _2SpMaBN |
|
| 017 | _aL 887-2004 | ||
| 020 | _a8497431308 | ||
| 020 | _a9788497431309 | ||
| 035 | _a(OCoLC)433309578 | ||
| 041 | 1 |
_aspa _hcat |
|
| 080 | _a930.25(460.187 S.)(091) | ||
| 080 | _a061.24(460.23):351.852 | ||
| 049 | _aGRAL | ||
| 130 | 0 |
_aVolem els papers _lEspañol. |
|
| 245 | 1 | 4 |
_aLos archivos que Franco expolió de Cataluña _h[Texto impreso] _b: la lucha por la devolución de los "Papeles de Salamanca" _cComissió de la Dignitat ; prólogo de Josep Bargalló ; prefacio de Artur Mas. |
| 250 | _a1a. ed. | ||
| 260 |
_aLleida _bMilenio _c2004. |
||
| 300 |
_a165 p., [16] p. de lâam. _c24 cm. |
||
| 500 | _aEn el lomo: 10. | ||
| 610 | 2 | 7 |
_aArchivo General de la Guerra Civil Española _vHistoria. _2embne |
| 610 | 2 | 7 |
_aComissiâo de la Dignitat. _2embne |
| 650 | 7 |
_aPatrimonio bibliográfico y documental _zCataluäna. _2embne |
|
| 650 | 7 |
_aPatrimonio bibliográfico y documental _zEspaña. _2embne |
|
| 610 | 2 | 4 | _aArchivo General de la Guerra Civil Española. |
| 651 | 4 |
_aCataluña (España) _xHistoria _y1936-1939 (Guerra Civil) |
|
| 710 | 2 | _aComissió de la Dignitat. | |
| 942 |
_2lcc _cbk |
||
| 994 |
_aC0 _bDRFGD |
||
| 946 | _aYM | ||
| 999 |
_c111889 _d111889 |
||